000 00548nam a2200169 i 4500
001 44091
003 ES-MaACL
005 20230906160943.0
007 t|
008 030320s1979 sp ||||1| spa d
245 0 4 _aLos ciclos económicos largos
_b: ¿una explicación de la crisis? /
_cN. D. Kondratieff ... [et al.]; edición de Manuel P. Izquierdo.
260 _a[Madrid :
_bAkal,
_c1979]
300 _a224 p. ;
_c18 cm.
700 1 _aIzquierdo, Manuel P.
_965712
700 1 _aKondratieff, N. D.
_968545
852 _aES-MaACL
_jA-10287
_bR.99561
999 _c44091
_d44091